000 01511cam a22003977a 4500
001 000086429
003 CHAP
005 20220329142410.0
008 001122d2000 mx r 00110 esp d
010 _a82902
011 _a83874
020 _a9688846783
035 _a94393
040 _cCHAP
082 0 4 _a333.332
_bP3
100 1 _aPalacio Muñoz, Víctor Herminio.
_984796
245 1 3 _aLa teoría de la renta de la tierra :
_buna propuesta para el caso urbano /
_c/por Víctor H. Palacios Muñoz.
260 _aChapingo, Méx. :
_bUACH. Centro de Investigaciones Económicas Sociales y Tecnológicas de la Agroindustria y la Agricultura Mundial,
_c2000.
300 _a182 p.
590 _aBATCH-UPD
_b10
_c20130110
_lUCH01
_h0744
590 _aBATCH-UPD
_b10
_c20130410
_lUCH01
_h0425
590 _aBATCH-UPD
_b10
_c20130914
_lUCH01
_h1856
590 _aBATCH-UPD
_b10
_c20190904
_lUCH01
_h1509
590 _aCONVERSION
_b10
_c20130109
_lUCH01
_h1346
590 _aE11695DGD
_b10
_c20190904
_lUCH01
_h1506
650 1 4 _aTierras
_xArrendamiento.
_9113092
650 1 4 _aTierras
_xConcesiones.
_9113106
901 _aBK
905 _aLilia Sánchez G.
942 _cLIBRO
942 _n0
949 _a333.332 P3
_bBC
_cLIBRO
_d33724000777538
_eLIBRO
_fc.2
_h99136
_i94393
_si
949 _a333.332 P3
_bBC
_cLIBRO
_d33724000777546
_eLIBRO
_h99135
_i94393
_so
949 _a333.332 P3
_bBC
_cLIBRO
_d33724002170074
_eLIBRO
_fc.4
_gI.c/e
_h112402
_i94393
_sb
949 _a333.332 P3
_bBC
_cUACH
_d943933
_eUACH
_fc.3
_h99137
_i94393
_sb
999 _c82902
_d82902